000 01156nam a22003257a 4500
003 CHAP
005 20220329143722.0
008 110404s1996 es a r 00010 spa d
010 _a100849
011 _a101821
035 _a112509
040 _cCHAP
082 0 4 _a582.16097265
_bL29
100 1 _aLanza Rosado, Felipe
_964797
245 1 0 _aManual de los árboles de Tikal
_c/por Felipe Lanza Rosado
260 _aBarcelona :
_bAgencia Española de Cooperación Internacional,
_c1996
300 _a121 p. :
_bilus., + 1 hoja plegable
590 _aBATCH-UPD
_b10
_c20130110
_lUCH01
_h1205
590 _aBATCH-UPD
_b10
_c20130410
_lUCH01
_h0746
590 _aBATCH-UPD
_b10
_c20130914
_lUCH01
_h0724
590 _aCONVERSION
_b10
_c20130109
_lUCH01
_h1356
650 1 4 _aÁrboles tropicales.
_982448
650 1 4 _aÁrboles
_xIdentificación.
_982437
650 1 4 _aÁrboles
_xVariedades.
_982441
650 1 4 _aBosques
_xYucatán.
_914411
901 _aBK
942 _cLIBRO
949 _a582.16097265 L29
_bBC
_cLIBRO
_d33724002236322
_eLIBRO
_h114590
_i112509
_sb
949 _a582.16097265 L29
_bBC
_cLIBRO
_d33724002255967
_eLIBRO
_fc.2
_gDonaciØn
_h114700
_i112509
_sb
999 _c100849
_d100849